[Event "Alicante Dama Negra 4th"]
[Site "Alicante"]
[Date "2023.12.29"]
[Round "7"]
[White "Gonzalez Salazar, Iker"]
[Black "Fernandez Lopez, Pedro"]
[Result "1/2-1/2"]
[WhiteElo "1852"]
[BlackElo "2016"]
[PlyCount "178"]
[EventDate "2023.12.26"]
[EventType "swiss"]
[EventRounds "9"]
[EventCountry "ESP"]
[SourceTitle "CB01_2024"]
[SourceDate "2024.01.03"]
[SourceVersion "1"]
[SourceVersionDate "2024.01.03"]
[SourceQuality "1"]

1. e4 c6 2. Nf3 d5 3. d3 Bg4 4. h3 Bxf3 5. Qxf3 e6 6. g3 Qf6 7. Qe2 dxe4 8. dxe4 Nd7 9. Bg2 Bc5 10. 0-0 Ne7 11. Nd2 0-0 12. a4 a5 13. c3 Rfd8 14. Rb1 e5 15. Nb3 Qe6 16. Qc2 Qc4 17. Nd2 Qe2 18. Bf3 Qa6 19. Re1 Ng6 20. Nf1 Ngf8 21. Be3 Ne6 22. h4 b5 23. axb5 Qxb5 24. Red1 Bxe3 25. Nxe3 Ndc5 26. Be2 Qb6 27. Nc4 Qc7 28. b3 f6 29. Ne3 g6 30. Bc4 Kg7 31. Kg2 Qe7 32. Rh1 Nb7 33. Qe2 Nd6 34. Qg4 Nc5 35. Rbd1 h5 36. Qf3 Ncxe4 37. g4 hxg4 38. Nxg4 f5 39. Ne3 Nxc4 40. Nxc4 Rxd1 41. Rxd1 Rh8 42. Rh1 Rxh4 43. Rxh4 Qxh4 44. Nxe5 Qg5+ 45. Kh2 Qh4+ 46. Kg2 Qg5+ 47. Kh2 Qf6 48. Nc4 Nxc3 49. Qg3 Ne4 50. Qc7+ Kh6 51. Qf4+ Kg7 52. f3 Nc5 53. Qc7+ Kh6 54. Ne5 Qh4+ 55. Kg2 Ne6 56. Qb8 Qg5+ 57. Kf2 Qd2+ 58. Kf1 Qd1+ 59. Kf2 Qd4+ 60. Kf1 Qa1+ 61. Kf2 Qb2+ 62. Kf1 Qc1+ 63. Kf2 Qc5+ 64. Ke1 Qg1+ 65. Kd2 Qf2+ 66. Kd1 Qf1+ 67. Kd2 Qf2+ 68. Kd1 Qd4+ 69. Ke1 Qc3+ 70. Kf2 Qc2+ 71. Ke1 Qc1+ 72. Kf2 Qc5+ 73. Ke1 Kg5 74. f4+ Kh4 75. Nxg6+ Kg3 76. Qe5 Qc1+ 77. Ke2 Qc2+ 78. Ke1 Qc1+ 79. Ke2 Nxf4+ 80. Nxf4 Qxf4 81. Qxa5 Qf3+ 82. Kd2 Qxb3 83. Qxf5 Qb4+ 84. Kc2 c5 85. Qg5+ Kf3 86. Qf5+ Ke3 87. Qh3+ Kd4 88. Qg4+ Kd5 89. Qd7+ Ke5 1/2-1/2

[Event "Alicante Dama Negra 4th"]
[Site "Alicante"]
[Date "2023.12.27"]
[Round "3"]
[White "Granero Roca, Antonio"]
[Black "Fernandez Lopez, Pedro"]
[Result "1-0"]
[WhiteElo "2273"]
[BlackElo "2016"]
[PlyCount "53"]
[EventDate "2023.12.26"]
[EventType "swiss"]
[EventRounds "9"]
[EventCountry "ESP"]
[SourceTitle "CB01_2024"]
[SourceDate "2024.01.03"]
[SourceVersion "1"]
[SourceVersionDate "2024.01.03"]
[SourceQuality "1"]

1. d4 d5 2. c4 c6 3. Nf3 Nf6 4. Nc3 e6 5. e3 Bd6 6. Qc2 dxc4 7. Bxc4 Nbd7 8. 0-0 0-0 9. Rd1 Qe7 10. h3 e5 11. Bb3 h6 12. Nh4 Rd8 13. Nf5 Qf8 14. Nxd6 Qxd6 15. d5 c5 16. Nb5 Qb6 17. a4 Ne8 18. e4 Nd6 19. Na3 Qc7 20. Be3 a5 21. Bc4 b6 22. Bb5 f6 23. Bc6 Bb7 24. Nb5 Nxb5 25. axb5 Nf8 26. Qc4 Ra7 27. b4 1-0

[Event "Galicia-ch U18"]
[Site "Padron"]
[Date "2023.02.21"]
[Round "8"]
[White "Fernandez Lopez, Ruben"]
[Black "Fernandez Lopez, Pedro"]
[Result "1-0"]
[WhiteElo "2305"]
[BlackElo "1936"]
[PlyCount "37"]
[EventDate "2023.02.18"]
[EventType "swiss"]
[EventRounds "8"]
[EventCountry "ESP"]
[SourceTitle "EXT 2024"]
[Source "ChessBase"]
[SourceDate "2023.10.10"]
[SourceVersion "1"]
[SourceVersionDate "2023.10.10"]
[SourceQuality "1"]

1. e4 d5 2. exd5 Qxd5 3. Nc3 Qd8 4. Nf3 Nf6 5. Bc4 e6 6. d4 Be7 7. 0-0 0-0 8. Qe2 c6 9. Re1 Nbd7 10. Bxe6 Bd6 11. Bb3 Qa5 12. Ng5 Nb6 13. Nce4 Nxe4 14. Nxe4 Bb4 15. c3 Be7 16. Ng3 Bf6 17. Nh5 Bf5 18. Nxf6+ gxf6 19. Bh6 1-0

[Event "San Vicente del Raspeig op 3rd"]
[Site "San Vicente del Raspeig"]
[Date "2022.12.29"]
[Round "6"]
[White "Sempere Domenech, Abel"]
[Black "Fernandez Lopez, Pedro"]
[Result "1-0"]
[WhiteElo "2016"]
[BlackElo "1927"]
[PlyCount "145"]
[EventDate "2022.12.26"]
[EventType "swiss"]
[EventRounds "9"]
[EventCountry "ESP"]
[SourceTitle "CBM 212 Extra"]
[Source "ChessBase"]
[SourceDate "2023.03.31"]
[SourceVersion "1"]
[SourceVersionDate "2023.03.31"]
[SourceQuality "1"]

1. d4 d5 2. c4 e6 3. Nc3 Nf6 4. cxd5 exd5 5. Bg5 c6 6. Qc2 Be7 7. e3 Bg4 8. Nge2 Bh5 9. Nf4 Bg6 10. Nxg6 hxg6 11. Bd3 Nbd7 12. 0-0-0 Nf8 13. f4 Ng4 14. Qe2 f5 15. e4 dxe4 16. Bxe4 Nh7 17. h3 Ngf6 18. Bc2 Nxg5 19. fxg5 Nd5 20. Nxd5 cxd5 21. h4 Kf7 22. g4 Rxh4 23. Rxh4 Bxg5+ 24. Kb1 Bxh4 25. gxf5 gxf5 26. Bxf5 Qf6 27. Rf1 Qe7 28. Be6+ Ke8 29. Qh5+ Kd8 30. Qh8+ Kc7 31. Qxa8 Qxe6 32. Qxa7 Qe4+ 33. Ka1 Qc2 34. Qa5+ Kc6 35. Qa8 Kb6 36. Qf8 Bf6 37. Qb4+ Ka6 38. Re1 b6 39. Qc3 Qf2 40. Rd1 Qe2 41. Qd3+ Qxd3 42. Rxd3 Kb5 43. b3 Bh4 44. Kb2 g5 45. Rf3 Kc6 46. Rf6+ Kc7 47. Rg6 Bf2 48. Kc3 Be3 49. a4 Bf4 50. Kb4 Be3 51. Kc3 Bf4 52. Kd3 Kb7 53. b4 Kc7 54. a5 bxa5 55. bxa5 Kb7 56. Kc3 Be3 57. Re6 Bf2 58. Rd6 Be1+ 59. Kd3 g4 60. Rxd5 Ka6 61. Rg5 g3 62. Ke2 Bc3 63. d5 Bxa5 64. Rxg3 Kb5 65. Kd3 Kc5 66. Ke4 Kd6 67. Rg6+ Kd7 68. d6 Bb4 69. Kd5 Bc3 70. Rh6 Ke8 71. Ke6 Bg7 72. Rg6 Bf8 73. Rg8 1-0

[Event "ESP-ch U18"]
[Site "Salobrena"]
[Date "2022.08.05"]
[Round "7"]
[White "Fernandez Lopez, Pedro"]
[Black "Vesga Izeta, Markel"]
[Result "1-0"]
[WhiteElo "1782"]
[BlackElo "2143"]
[PlyCount "57"]
[EventDate "2022.08.01"]
[EventType "swiss"]
[EventRounds "9"]
[EventCountry "ESP"]
[SourceTitle "EXT 2023"]
[Source "ChessBase"]
[SourceDate "2022.10.05"]
[SourceVersion "1"]
[SourceVersionDate "2022.10.05"]
[SourceQuality "1"]

1. d4 Nf6 2. Nf3 g6 3. Bg5 Bg7 4. Nbd2 0-0 5. e3 d6 6. Bc4 c5 7. c3 b6 8. Bxf6 Bxf6 9. Bd5 Ba6 10. Bxa8 d5 11. dxc5 Nd7 12. Bxd5 Nxc5 13. Bc4 Nd3+ 14. Bxd3 Qxd3 15. Nb3 Qe4 16. Qd2 Qa4 17. Nbd4 e5 18. Qc2 Qc4 19. Ne2 h5 20. h3 Rc8 21. b3 Qe6 22. Rd1 Bb7 23. e4 g5 24. Ng3 g4 25. hxg4 hxg4 26. Nh4 Be7 27. Nhf5 Bf8 28. Qe2 Qg6 29. Rh4 1-0

[Event "ESP-ch U16"]
[Site "Salobrena"]
[Date "2022.07.30"]
[Round "9"]
[White "Martinez Ramos, Paula"]
[Black "Fernandez Lopez, Pedro"]
[Result "1-0"]
[WhiteElo "2003"]
[BlackElo "1782"]
[PlyCount "91"]
[EventDate "2022.07.25"]
[EventType "swiss"]
[EventRounds "9"]
[EventCountry "ESP"]
[SourceTitle "EXT 2023"]
[Source "ChessBase"]
[SourceDate "2022.10.05"]
[SourceVersion "1"]
[SourceVersionDate "2022.10.05"]
[SourceQuality "1"]

1. Nf3 d5 2. d4 Nf6 3. g3 Bf5 4. Bg2 e6 5. 0-0 Bd6 6. c4 c6 7. Nc3 0-0 8. Nh4 Bg4 9. h3 Bh5 10. Qb3 Qb6 11. c5 Qxb3 12. axb3 Bc7 13. g4 Bg6 14. Nxg6 hxg6 15. b4 e5 16. e3 Na6 17. Ra4 Nb8 18. b5 Nbd7 19. Bd2 exd4 20. exd4 a6 21. Rfa1 Rab8 22. bxc6 bxc6 23. Rxa6 Rxb2 24. Rxc6 Rxd2 25. Rxc7 Rxd4 26. g5 Nxc5 27. Rxc5 Nh7 28. Nxd5 Kh8 29. Ne3 f5 30. gxf6 Nxf6 31. Rc4 Rxc4 32. Nxc4 Nh5 33. Ne5 Kh7 34. Be4 Nf4 35. Kh2 Rf6 36. Rg1 Re6 37. Rg4 Rxe5 38. Rxf4 Kh6 39. Rh4+ Kg5 40. Rg4+ Kh5 41. Bxg6+ Kh6 42. Be4 Kh5 43. f3 g5 44. h4 Ra5 45. hxg5 Ra2+ 46. Rg2 1-0

[Event "ESP-ch U16"]
[Site "Salobrena"]
[Date "2021.07.23"]
[Round "7"]
[White "Fernandez Lopez, Pedro"]
[Black "Rodriguez Pereira, Enrique"]
[Result "0-1"]
[WhiteElo "1815"]
[BlackElo "1988"]
[PlyCount "114"]
[EventDate "2021.07.19"]
[EventType "swiss"]
[EventRounds "9"]
[EventCountry "ESP"]
[SourceTitle "EXT 2022"]
[Source "ChessBase"]
[SourceDate "2021.10.06"]
[SourceVersion "1"]
[SourceVersionDate "2021.10.06"]
[SourceQuality "1"]

1. d4 d5 2. Nf3 Nf6 3. Bf4 e6 4. e3 Bd6 5. Bg3 0-0 6. Nbd2 c5 7. c3 Qc7 8. Ne5 Nfd7 9. f4 b6 10. Qg4 Ba6 11. Bxa6 Nxa6 12. 0-0 Nab8 13. Rf3 f5 14. Qh3 c4 15. Bf2 Nf6 16. Rg3 Bxe5 17. fxe5 Ne4 18. Nxe4 dxe4 19. Rf1 Qd7 20. Rg5 Na6 21. Bg3 Nc7 22. Rf4 g6 23. Rh4 Qg7 24. Bf4 Nd5 25. Rg3 Rfc8 26. Bg5 Rc7 27. Rh6 Rf8 28. Qh4 Rff7 29. Bf4 Rfd7 30. Rh3 Kf8 31. Qg5 Qg8 32. Rg3 Ke8 33. h4 Rg7 34. Rh3 Kd7 35. Qg3 Kc8 36. Qf2 Qf7 37. Rg3 Qg8 38. Rg5 Kb7 39. Qe2 Qf8 40. Qf2 Qg8 41. Qg3 Qf8 42. Qf2 Ne7 43. h5 Ng8 44. Rg3 Qe8 45. hxg6 Nxh6 46. Bxh6 Rxg6 47. Rxg6 Qxg6 48. Qf4 Rc8 49. Qg5 Qxg5 50. Bxg5 Rc7 51. Kf2 Kc6 52. Kg3 Rg7 53. Kh4 h6 54. Bxh6 Rxg2 55. Bf4 Rxb2 56. Kg5 Rxa2 57. Kf6 Kd5 0-1

[Event "ESP-ch U16"]
[Site "Salobrena"]
[Date "2021.07.21"]
[Round "4"]
[White "Revaliente Montoya, Ciro"]
[Black "Fernandez Lopez, Pedro"]
[Result "1-0"]
[WhiteElo "2056"]
[BlackElo "1815"]
[PlyCount "81"]
[EventDate "2021.07.19"]
[EventType "swiss"]
[EventRounds "9"]
[EventCountry "ESP"]
[SourceTitle "EXT 2022"]
[Source "ChessBase"]
[SourceDate "2021.10.06"]
[SourceVersion "1"]
[SourceVersionDate "2021.10.06"]
[SourceQuality "1"]

1. e4 d5 2. exd5 Qxd5 3. Nc3 Qd8 4. Bc4 Nf6 5. Nf3 a6 6. Ne5 e6 7. d4 Bd6 8. Bg5 h6 9. Bh4 Nbd7 10. Qe2 Nb6 11. Bd3 c6 12. Ne4 Nbd5 13. Qf3 Qa5+ 14. c3 Bxe5 15. dxe5 Nxe4 16. Qxe4 Ne7 17. f4 Nf5 18. Bf2 Qd5 19. 0-0 Qxe4 20. Bxe4 Bd7 21. Rad1 0-0-0 22. Bb6 Rde8 23. Rd2 Ne7 24. c4 c5 25. Rfd1 Bc6 26. Bxc6 Nxc6 27. Bxc5 Rd8 28. Rxd8+ Rxd8 29. Rxd8+ Kxd8 30. Bf8 Nd4 31. Kf2 Nf5 32. g4 Ke8 33. gxf5 Kxf8 34. fxe6 fxe6 35. b4 b5 36. c5 g6 37. Kg3 Ke7 38. Kg4 Kd7 39. h4 Kc6 40. h5 gxh5+ 41. Kxh5 1-0

[Event "ESP-chT Regional U16"]
[Site "Gijon"]
[Date "2021.06.19"]
[Round "4.2"]
[White "Fernandez Lopez, Pedro"]
[Black "Macias Pino, Diego"]
[Result "0-1"]
[WhiteElo "1791"]
[BlackElo "2225"]
[PlyCount "120"]
[EventDate "2021.06.17"]
[EventType "team-swiss"]
[EventRounds "6"]
[EventCountry "ESP"]
[SourceTitle "EXT 2022"]
[Source "ChessBase"]
[SourceDate "2021.10.06"]
[SourceVersion "1"]
[SourceVersionDate "2021.10.06"]
[SourceQuality "1"]
[WhiteTeam "Galicia U16"]
[BlackTeam "Valencia U16"]
[WhiteTeamCountry "ESP"]
[BlackTeamCountry "ESP"]

1. d4 d5 2. Bf4 Nf6 3. e3 e6 4. Nd2 Bd6 5. Bg3 0-0 6. Ngf3 c5 7. c3 Qc7 8. Bd3 Nbd7 9. 0-0 e5 10. dxe5 Nxe5 11. Bxe5 Bxe5 12. Nxe5 Qxe5 13. Nf3 Qe7 14. h3 b6 15. Qa4 Bb7 16. Qh4 Rfe8 17. Rfe1 Qc7 18. Rad1 Rad8 19. Kh1 h6 20. Kg1 a6 21. Nd2 Rd7 22. Re2 Rde7 23. Rde1 Qc6 24. f3 Qd7 25. Kf1 b5 26. Bc2 Qd6 27. Qf2 Nh5 28. f4 Nf6 29. Nf3 a5 30. Nh4 g6 31. Kg1 Ba6 32. Qg3 Ne4 33. Bxe4 Rxe4 34. Nf5 Qf8 35. Rd2 Kh7 36. Nh4 Bb7 37. f5 g5 38. Nf3 Qe7 39. Rde2 Ba6 40. Nd2 Re5 41. e4 b4 42. Re3 Bb7 43. Qg4 bxc3 44. bxc3 Qf6 45. Nb3 dxe4 46. Nxa5 Bd5 47. Nb3 Bc6 48. Nd2 Qe7 49. Qe2 Kg7 50. g4 f6 51. Kf2 Qc7 52. Kg1 R5e7 53. Qc4 Qd6 54. Nb3 Re5 55. Na5 Ba8 56. Qa4 Qa6 57. c4 R5e7 58. Ra3 e3 59. Qb5 Qd6 60. Nb3 Qg3+ 0-1

[Event "Galicia-ch U14"]
[Site "Padron"]
[Date "2020.02.25"]
[Round "8"]
[White "Diniz Lopez, Sergio"]
[Black "Fernandez Lopez, Pedro"]
[Result "0-1"]
[WhiteElo "1453"]
[BlackElo "1872"]
[PlyCount "62"]
[EventDate "2020.02.22"]
[EventType "swiss"]
[EventRounds "8"]
[EventCountry "ESP"]
[SourceTitle "EXT 2023"]
[Source "ChessBase"]
[SourceDate "2022.10.05"]
[SourceVersion "1"]
[SourceVersionDate "2022.10.05"]
[SourceQuality "1"]

1. d4 d5 2. Nf3 Nf6 3. c3 Bg4 4. Bf4 e6 5. Qb3 Qc8 6. Nbd2 Nbd7 7. e3 c5 8. Be2 Be7 9. 0-0 Ne4 10. Rfe1 c4 11. Qc2 Bf5 12. Nxe4 Bxe4 13. Qc1 0-0 14. Nd2 Bg6 15. f3 Qc6 16. e4 b5 17. e5 Rfc8 18. Bd1 b4 19. Bc2 Rab8 20. Rb1 Qa6 21. Bxg6 hxg6 22. Qc2 Qa5 23. Re3 bxc3 24. bxc3 Rxb1+ 25. Nxb1 Rb8 26. Re2 Rb5 27. Bc1 Nb6 28. f4 Qa4 29. Bb2 Qxc2 30. Rxc2 Na4 31. Na3 Rxb2 0-1

[Event "Galicia-ch U14"]
[Site "Padron"]
[Date "2020.02.25"]
[Round "7"]
[White "Fernandez Lopez, Pedro"]
[Black "Cernadas Camean, David"]
[Result "1-0"]
[WhiteElo "1872"]
[BlackElo "1550"]
[PlyCount "91"]
[EventDate "2020.02.22"]
[EventType "swiss"]
[EventRounds "8"]
[EventCountry "ESP"]
[SourceTitle "EXT 2023"]
[Source "ChessBase"]
[SourceDate "2022.10.05"]
[SourceVersion "1"]
[SourceVersionDate "2022.10.05"]
[SourceQuality "1"]

1. d4 d5 2. c4 e6 3. Nc3 c5 4. cxd5 cxd4 5. Qxd4 Nc6 6. Qd1 exd5 7. Qxd5 Bd7 8. a3 Nf6 9. Qd1 Bf5 10. Qxd8+ Rxd8 11. Nf3 Be7 12. Bd2 0-0 13. e3 Na5 14. Nd4 Rxd4 15. exd4 Nb3 16. Rc1 Nxc1 17. Bxc1 Rc8 18. Bd2 Re8 19. Bb5 Rd8 20. Be3 Rc8 21. Bd2 Rd8 22. Ne2 a6 23. Ba4 b5 24. Bb3 Bd3 25. Be3 a5 26. Kd2 Bg6 27. f3 a4 28. Ba2 b4 29. axb4 Bxb4+ 30. Nc3 a3 31. bxa3 Bxc3+ 32. Kxc3 Rc8+ 33. Kb4 Rc2 34. Rc1 Rb2+ 35. Ka5 Kf8 36. Bc4 Rxg2 37. Bf4 Rb2 38. Bb5 Ke7 39. Bc6 Rb3 40. a4 Rd3 41. Re1+ Kd8 42. d5 Rxf3 43. Be5 Rf5 44. Bxf6+ Rxf6 45. Kb6 Rxc6+ 46. dxc6 1-0

[Event "Galicia-ch U14"]
[Site "Padron"]
[Date "2020.02.24"]
[Round "5"]
[White "Dieguez Novoa, Benjamin"]
[Black "Fernandez Lopez, Pedro"]
[Result "0-1"]
[WhiteElo "1461"]
[BlackElo "1872"]
[PlyCount "54"]
[EventDate "2020.02.22"]
[EventType "swiss"]
[EventRounds "8"]
[EventCountry "ESP"]
[SourceTitle "EXT 2023"]
[Source "ChessBase"]
[SourceDate "2022.10.05"]
[SourceVersion "1"]
[SourceVersionDate "2022.10.05"]
[SourceQuality "1"]

1. Nf3 d5 2. g3 c6 3. Bg2 Bg4 4. 0-0 Nd7 5. d4 Ngf6 6. b3 e6 7. c4 Bd6 8. Nc3 0-0 9. Re1 Bc7 10. e4 Ba5 11. Bd2 Bxc3 12. Bxc3 dxe4 13. Bb4 Re8 14. Qd2 Bxf3 15. Ba5 b6 16. Bc3 Bxg2 17. Kxg2 Qe7 18. Bb4 c5 19. dxc5 Nxc5 20. h4 Qb7 21. Kh2 Nd3 22. Red1 Nxb4 23. Qxb4 Rad8 24. Kg1 Rd3 25. c5 Qc6 26. cxb6 Qxb6 27. Qc4 Rxg3+ 0-1

[Event "Galicia-ch U14"]
[Site "Padron"]
[Date "2020.02.23"]
[Round "3"]
[White "Martinez Crespo, Carlos"]
[Black "Fernandez Lopez, Pedro"]
[Result "1/2-1/2"]
[WhiteElo "1455"]
[BlackElo "1872"]
[PlyCount "69"]
[EventDate "2020.02.22"]
[EventType "swiss"]
[EventRounds "8"]
[EventCountry "ESP"]
[SourceTitle "EXT 2023"]
[Source "ChessBase"]
[SourceDate "2022.10.05"]
[SourceVersion "1"]
[SourceVersionDate "2022.10.05"]
[SourceQuality "1"]

1. Nf3 d5 2. g3 Bf5 3. Bg2 e6 4. 0-0 h6 5. d4 c5 6. c4 Bxb1 7. Rxb1 Nc6 8. dxc5 dxc4 9. Qa4 Qa5 10. Qxc4 Qxc5 11. Qa4 Qb4 12. Qxb4 Bxb4 13. a3 Bd6 14. Rd1 Ke7 15. Be3 Nf6 16. Rbc1 Rac8 17. Nd4 Nxd4 18. Bxd4 b6 19. e4 e5 20. Bc3 a5 21. h3 Nd7 22. Rd5 Rc5 23. Rcd1 Rxd5 24. Rxd5 f6 25. Bf3 Rc8 26. Bg4 Rc4 27. Bxd7 Kxd7 28. f3 Kc6 29. Rd3 a4 30. g4 Bc5+ 31. Kf1 Bd4 32. Ke2 Kb5 33. Kd2 Bxc3+ 34. bxc3 Rc7 35. Kc2 1/2-1/2

[Event "Galicia-ch U14"]
[Site "Padron"]
[Date "2020.02.22"]
[Round "1"]
[White "Oubina Pazos, Ricardo"]
[Black "Fernandez Lopez, Pedro"]
[Result "0-1"]
[WhiteElo "1192"]
[BlackElo "1872"]
[PlyCount "50"]
[EventDate "2020.02.22"]
[EventType "swiss"]
[EventRounds "8"]
[EventCountry "ESP"]
[SourceTitle "EXT 2023"]
[Source "ChessBase"]
[SourceDate "2022.10.05"]
[SourceVersion "1"]
[SourceVersionDate "2022.10.05"]
[SourceQuality "1"]

1. d4 d5 2. c4 e6 3. Nc3 Nf6 4. e3 c6 5. Nf3 Bb4 6. Bd2 0-0 7. a3 Bd6 8. Bd3 h6 9. 0-0 b6 10. b4 Nbd7 11. c5 Bb8 12. Rb1 b5 13. Qc2 e5 14. Be2 e4 15. Ne1 Nh7 16. g3 Ndf6 17. Ng2 Ng5 18. h4 Nf3+ 19. Bxf3 exf3 20. Ne1 Bg4 21. Kh2 Nd7 22. a4 bxa4 23. Qxa4 Qxh4+ 24. Kg1 Bxg3 25. Qxc6 Qh2# 0-1

[Event "Wch U12"]
[Site "Santiago de Compostela"]
[Date "2018.11.04"]
[Round "1"]
[White "Maurizzi, Marc Andria"]
[Black "Fernandez Lopez, Pedro"]
[Result "1-0"]
[WhiteElo "2103"]
[BlackElo "1572"]
[PlyCount "71"]
[EventDate "2018.11.04"]
[EventType "swiss"]
[EventRounds "11"]
[EventCountry "ESP"]
[SourceTitle "EXT 2022"]
[Source "ChessBase"]
[SourceDate "2021.10.06"]
[SourceVersion "1"]
[SourceVersionDate "2021.10.06"]
[SourceQuality "1"]

1. e4 d5 2. exd5 Qxd5 3. Nc3 Qd8 4. d4 Nf6 5. Nf3 Bg4 6. h3 Bxf3 7. Qxf3 c6 8. Qd3 e6 9. g3 Be7 10. Bg2 Nbd7 11. 0-0 0-0 12. b3 Nb6 13. Bb2 Qc7 14. Ne2 Rfd8 15. c4 Rac8 16. Rfd1 Nbd7 17. Rac1 Qb6 18. Nf4 Nf8 19. Qe2 Ng6 20. Nd3 Qa6 21. a3 h6 22. Nc5 Qb6 23. b4 Qc7 24. d5 exd5 25. cxd5 Nxd5 26. Ne6 fxe6 27. Qxe6+ Kh7 28. Rxd5 Rxd5 29. Bxd5 Qd8 30. Be4 Bf6 31. Bxf6 gxf6 32. Qf7+ Kh8 33. Qxg6 Rc7 34. Qxh6+ Kg8 35. Qf4 Rg7 36. Kg2 1-0

[Event "Padron Pre-Mundial U12"]
[Site "Padron"]
[Date "2018.09.07"]
[Round "8"]
[White "Alonso Rodriguez, Tristan"]
[Black "Fernandez Lopez, Pedro"]
[Result "0-1"]
[WhiteElo "1312"]
[BlackElo "1529"]
[PlyCount "136"]
[EventDate "2018.09.03"]
[EventType "swiss"]
[EventRounds "9"]
[EventCountry "ESP"]
[SourceTitle "EXT 2024"]
[Source "ChessBase"]
[SourceDate "2023.10.10"]
[SourceVersion "1"]
[SourceVersionDate "2023.10.10"]
[SourceQuality "1"]

1. d4 d5 2. c4 e6 3. Nc3 Nf6 4. cxd5 exd5 5. Bg5 Be7 6. Qc2 c6 7. e3 h6 8. Bh4 0-0 9. Bd3 Nbd7 10. Nge2 Re8 11. 0-0 Nb6 12. f3 Nfd7 13. Bxe7 Qxe7 14. e4 Nf8 15. Ng3 Qb4 16. Nce2 Ne6 17. Qc3 Qxc3 18. bxc3 Ng5 19. e5 Ne6 20. Nf5 Nc7 21. Nd6 Re7 22. Ng3 Ne8 23. Ngf5 Bxf5 24. Nxf5 Rc7 25. Rf2 Kh7 26. Ne3+ g6 27. f4 f5 28. h3 Ng7 29. Kh2 Nc8 30. Rg1 Ne7 31. g4 Rac8 32. gxf5 Ngxf5 33. Nxf5 Nxf5 34. Rfg2 Nh4 35. Rg3 Rf8 36. Rf1 Rcf7 37. Rg4 Nf5 38. Rf2 Ne7 39. Kg3 Nf5+ 40. Kh2 Kg7 41. Bxf5 Rxf5 42. Rfg2 g5 43. fxg5 h5 44. R4g3 Kg6 45. h4 Rf1 46. Kh3 R8f4 47. Rh2 Re1 48. Kg2 Re2+ 49. Kh1 Rxh2+ 50. Kxh2 Rxh4+ 51. Rh3 Rxh3+ 52. Kxh3 Kxg5 53. Kg3 b6 54. a3 c5 55. Kh3 cxd4 56. cxd4 b5 57. Kg3 a5 58. Kf3 b4 59. axb4 axb4 60. e6 Kf6 61. Kg3 b3 62. Kh4 b2 63. Kxh5 b1Q 64. e7 Kxe7 65. Kg5 Qe4 66. Kh6 Qg4 67. Kh7 Kf7 68. Kh8 Qg7# 0-1

[Event "Padron Pre-Mundial U12"]
[Site "Padron"]
[Date "2018.09.05"]
[Round "4"]
[White "Fernandez Lopez, Pedro"]
[Black "Perez Sousa, Xabier"]
[Result "1-0"]
[WhiteElo "1529"]
[BlackElo "1485"]
[PlyCount "89"]
[EventDate "2018.09.03"]
[EventType "swiss"]
[EventRounds "9"]
[EventCountry "ESP"]
[SourceTitle "EXT 2024"]
[Source "ChessBase"]
[SourceDate "2023.10.10"]
[SourceVersion "1"]
[SourceVersionDate "2023.10.10"]
[SourceQuality "1"]

1. d4 Nf6 2. Bf4 g6 3. e3 Bg7 4. h3 0-0 5. Nf3 d6 6. Bc4 c5 7. c3 cxd4 8. cxd4 Nbd7 9. Nbd2 a6 10. 0-0 b5 11. Bb3 Bb7 12. Rc1 Qb6 13. Qc2 Rac8 14. Qb1 Rxc1 15. Rxc1 Rc8 16. Rxc8+ Bxc8 17. Qc2 Bb7 18. Ng5 e6 19. Nge4 Nxe4 20. Nxe4 d5 21. Nd6 a5 22. Nxb7 Qxb7 23. Qc7 Qxc7 24. Bxc7 a4 25. Bc2 Kf8 26. Bd3 b4 27. Bd6+ Ke8 28. Bxb4 Bf8 29. Bxf8 Kxf8 30. Bb5 Nb6 31. Kf1 Ke7 32. Ke2 Kd6 33. Kd3 f6 34. Kc3 e5 35. Kb4 exd4 36. exd4 f5 37. f4 h6 38. g3 g5 39. Bd3 Ke6 40. Kb5 Nc4 41. Bxc4 dxc4 42. Kxc4 Kd6 43. b3 axb3 44. axb3 g4 45. h4 1-0

[Event "Padron Pre-Mundial U12"]
[Site "Padron"]
[Date "2018.09.05"]
[Round "5"]
[White "Fernandez Sanjuan, Oscar"]
[Black "Fernandez Lopez, Pedro"]
[Result "0-1"]
[WhiteElo "1117"]
[BlackElo "1529"]
[PlyCount "118"]
[EventDate "2018.09.03"]
[EventType "swiss"]
[EventRounds "9"]
[EventCountry "ESP"]
[SourceTitle "EXT 2024"]
[Source "ChessBase"]
[SourceDate "2023.10.10"]
[SourceVersion "1"]
[SourceVersionDate "2023.10.10"]
[SourceQuality "1"]

1. c4 e6 2. g3 d5 3. Bg2 Nf6 4. Nf3 Be7 5. 0-0 0-0 6. b3 b6 7. e3 c5 8. d4 Nc6 9. Bb2 Ba6 10. Ne5 Rc8 11. Nc3 Nxe5 12. dxe5 Nd7 13. Nb5 Bxb5 14. cxb5 Qc7 15. f4 c4 16. Rc1 Bc5 17. Qe2 cxb3 18. axb3 Qb8 19. Rfd1 Rc7 20. Kh1 Rfc8 21. h4 Bb4 22. Rxc7 Qxc7 23. Rc1 Nc5 24. h5 Qd7 25. h6 g6 26. Bd4 Nxb3 27. Rb1 Nxd4 28. exd4 Bc3 29. Qd3 Rc4 30. Rc1 Qc7 31. Bf1 Bxd4 32. Rxc4 Qxc4 33. Qxc4 dxc4 34. Bxc4 Bc5 35. Kg2 Bf8 36. g4 Bxh6 37. g5 Bg7 38. Kh3 Kf8 39. Kg3 h6 40. Kf2 hxg5 41. fxg5 Bxe5 42. Kf3 Ke7 43. Ke4 Bb2 44. Kf4 Kd6 45. Ke4 Bc1 46. Bd3 Bxg5 47. Kd4 f5 48. Be2 e5+ 49. Kc4 e4 50. Kd4 Bf6+ 51. Ke3 Ke5 52. Kd2 f4 53. Bg4 f3 54. Ke3 Bg5+ 55. Kf2 Bd2 56. Bd7 Kf4 57. Be8 g5 58. Bd7 g4 59. Bc6 e3+ 0-1

[Event "Padron Pre-Mundial U12"]
[Site "Padron"]
[Date "2018.09.04"]
[Round "3"]
[White "Cacheiro Blanco, Diego"]
[Black "Fernandez Lopez, Pedro"]
[Result "0-1"]
[WhiteElo "1409"]
[BlackElo "1529"]
[PlyCount "102"]
[EventDate "2018.09.03"]
[EventType "swiss"]
[EventRounds "9"]
[EventCountry "ESP"]
[SourceTitle "EXT 2024"]
[Source "ChessBase"]
[SourceDate "2023.10.10"]
[SourceVersion "1"]
[SourceVersionDate "2023.10.10"]
[SourceQuality "1"]

1. e4 d5 2. exd5 Qxd5 3. Nc3 Qd8 4. Nf3 Bg4 5. Bc4 e6 6. d4 c6 7. Be3 Nf6 8. h3 Bh5 9. g4 Bg6 10. Ne5 Nbd7 11. f4 Nxe5 12. dxe5 Ne4 13. Nxe4 Bxe4 14. Rh2 Qa5+ 15. c3 Bc5 16. Bxc5 Qxc5 17. Qd4 Qxd4 18. cxd4 0-0-0 19. Rd2 Rd7 20. Kf2 Rhd8 21. Ke3 Bd5 22. Bxd5 Rxd5 23. f5 b6 24. fxe6 fxe6 25. Rf1 c5 26. Rf7 cxd4+ 27. Ke4 R5d7 28. Rxd7 Rxd7 29. Rxd4 g5 30. Rd6 Rxd6 31. exd6 Kd7 32. Ke5 b5 33. Kf6 h6 34. Ke5 a5 35. b3 b4 36. Ke4 Kxd6 37. Kd4 e5+ 38. Ke4 Ke6 39. Ke3 Kd5 40. Kd3 e4+ 41. Ke3 Ke5 42. Ke2 Kd4 43. Kd2 e3+ 44. Ke2 Ke4 45. Ke1 Kd3 46. Kd1 e2+ 47. Ke1 Ke3 48. h4 gxh4 49. g5 h3 50. g6 h2 51. g7 h1Q# 0-1

[Event "Gallego-ch U14"]
[Site "Viveiro"]
[Date "2017.02.26"]
[Round "3"]
[White "Fernandez Lopez, Pedro"]
[Black "Fernandez Carneiro, Ana"]
[Result "0-1"]
[WhiteElo "1457"]
[BlackElo "1262"]
[PlyCount "68"]
[EventDate "2017.02.25"]
[EventType "swiss"]
[EventRounds "8"]
[EventCountry "ESP"]
[SourceTitle "EXT 2024"]
[Source "ChessBase"]
[SourceDate "2023.10.10"]
[SourceVersion "1"]
[SourceVersionDate "2023.10.10"]
[SourceQuality "1"]

1. d4 d5 2. Nf3 Nc6 3. e3 Bg4 4. Be2 f6 5. b3 e5 6. h3 Bf5 7. a3 Bd6 8. Bb2 Nge7 9. Nc3 0-0 10. 0-0 e4 11. Nd2 Be6 12. Nb5 f5 13. c4 b6 14. Rc1 Ng6 15. Nxd6 Qxd6 16. Qc2 f4 17. Bh5 f3 18. cxd5 Qxd5 19. Qxc6 fxg2 20. Rfe1 Qf5 21. Nxe4 Qxh3 22. Ng3 Rad8 23. Qxg2 Qxg2+ 24. Kxg2 Nh4+ 25. Kh2 Rxf2+ 26. Kh1 Rxb2 27. Rxc7 Rf8 28. Rxa7 h6 29. e4 Rff2 30. Ne2 Rxb3 31. d5 Rh3+ 32. Kg1 Rg2+ 33. Kf1 Rh1+ 34. Ng1 Rhxg1# 0-1